00942nam a22002657a 4500003000400000005001700004008004100021010001300062020001500075035001300090037001300103040002000116082001000136100002400146245006200170260004500232270009800277300002700375500002100402650003000423650003100453942004200484999001900526952013100545dpl20180813150007.0180813b xxu||||| |||| 00| 0 eng d aA-713500 a8170030919 aA-713500 bBPPD/PUB adplbEnglishc0 a181.4 aSarkar, Anil Kumar  aDynamic facets of indian thought /cby Anil Kumar Sarkar  aNew DelhibSouth asian publishers c1988 a1 Ansari road, Daryaganj bNew Delhie110002k41603490l011-41708607mharanand@rediffmail.com axv, 243p.c22 cm. (Hb) aIncludes index  aPolitical sciencextheory aPolitical sciencexthought adplcENk181.4 / SAR2ddch181.4mSAR c155839d155839 00102ddc40708NFICaBL4bBL4d2018-08-13eBPPD/PUBg0.00l0o181.4 SARpA-713500r2018-08-13 00:00:00v0.00w2018-08-13yEN